Sports Quiz

Random Sports or Politics Quiz

Athletes Who Went Into Politics Quiz Stats

 Plays Quiz Updated Feb 15, 2020

Support Sporcle.
Go Orange.
Score 0/16 Timer 04:00
3 Plays Today
% Correct
Arnold Schwarzenegger
92.6%
Manny Pacquiao
85.8%
Jesse Ventura
82%
Magglio Ordóñez
78.4%
Bill Bradley
68.4%
Kevin Johnson
65.3%
Steve Largent
62.6%
Jack Kemp
62.3%
% Correct
Jim Bunning
58.6%
Tom Osborne
56.4%
Heath Shuler
55.7%
Dave Bing
51.7%
Jon Runyan
50%
Alan Page
49.6%
J.C. Watts
39.7%
Jim Schwantz
39.5%

From the Vault

Movie Titles en Français

by LTH

Movies 7m
You can enjoy all these films with a tasty croissant if you like.
Remove Ads.
Support Sporcle.
Get the best of Sporcle when you Go Orange. This ad-free experience offers more features, more stats, and more fun while also helping to support Sporcle. Thank you for becoming a member.

Show Comments

Extras

Top Quizzes Today


Score Distribution

Your Account Isn't Verified!

In order to create a playlist on Sporcle, you need to verify the email address you used during registration. Go to your Sporcle Settings to finish the process.

Report this User

Report this user for behavior that violates our Community Guidelines.

Details: